[Event "Gibraltar Chess Festival 2017 - Masters"]
[Site "Gibraltar ENG"]
[Date "2017.01.26"]
[Round "3.8"]
[White "Shankland, Samuel L"]
[Black "Stefanova, Antoaneta"]
[Result "1-0"]
[WhiteElo "2674"]
[BlackElo "2512"]
[PlyCount "115"]
[EventDate "2017.01.24"]
[EventType "swiss"]
[EventRounds "10"]
[EventCountry "ENG"]
[SourceTitle "Ajedrez en Madrid"]
[Source "lmi"]
[SourceDate "2017.01.24"]

1. e4 g6 2. d4 Bg7 3. Be3 d6 4. Qd2 c5 5. c3 Nf6 6. f3 cxd4 7. cxd4 Nc6 8. Bd3
O-O 9. Ne2 a6 10. O-O b5 11. Nbc3 Bb7 12. Rac1 Rc8 13. b3 e6 14. Rfd1 d5 15. e5
Nd7 16. f4 f6 17. Bb1 Qe7 18. Qe1 Rc7 19. Qg3 Rfc8 20. h4 Qf7 21. h5 Ne7 22.
Qh3 Nf5 23. Bd2 b4 24. Na4 Rxc1 25. Rxc1 Rxc1+ 26. Bxc1 Bc6 27. hxg6 hxg6 28.
Bd3 Bb5 29. Bd2 Bf8 30. Nb2 Bxd3 31. Nxd3 a5 32. g4 Ne7 33. exf6 Qxf6 34. Ne5
Nxe5 35. dxe5 Qf7 36. Nd4 Nc8 37. Kg2 Bc5 38. Nf3 Be7 39. Qh1 Bd8 40. Qc1 Qd7
41. Qc2 Kg7 42. Be3 Ne7 43. Kg3 Nc6 44. Bc5 Qe8 45. Bd6 Na7 46. Bc7 Nb5 47.
Bxd8 Qxd8 48. Ng5 Qe8 49. Qc5 Kg8 50. Nxe6 Nc3 51. Ng5 Qf8 52. Qe3 Qe7 53. e6
Ne4+ 54. Nxe4 Qxe6 55. f5 gxf5 56. Qg5+ Kf7 57. Qxf5+ Qxf5 58. Nd6+ 1-0

[Event "Gibraltar Chess Festival 2017 - Masters"]
[Site "Gibraltar ENG"]
[Date "2017.01.26"]
[Round "3.9"]
[White "Grigoriants, Sergey"]
[Black "Howell, David W L"]
[Result "1/2-1/2"]
[WhiteElo "2564"]
[BlackElo "2655"]
[PlyCount "60"]
[EventDate "2017.01.24"]
[EventType "swiss"]
[EventRounds "10"]
[EventCountry "ENG"]
[SourceTitle "Ajedrez en Madrid"]
[Source "lmi"]
[SourceDate "2017.01.24"]

1. e4 c6 2. d4 d5 3. e5 Bf5 4. Nf3 e6 5. Be2 Ne7 6. O-O Nd7 7. Nbd2 h6 8. Nb3
Qc7 9. Bd2 Bh7 10. Rc1 Nc8 11. Ba5 Ncb6 12. Bd3 Bxd3 13. cxd3 Be7 14. Ne1 O-O
15. f4 Qc8 16. Kh1 Qe8 17. Nf3 Rc8 18. Qd2 f6 19. exf6 Rxf6 20. Nc5 Nxc5 21.
dxc5 Nd7 22. Bc3 Rf8 23. b4 b6 24. Bd4 bxc5 25. bxc5 Rb8 26. Qe3 Qf7 27. Rce1
Bf6 28. g3 Rfe8 29. Rf2 Rb4 30. Bxf6 Qxf6 1/2-1/2

[Event "Gibraltar Chess Festival 2017 - Masters"]
[Site "Gibraltar ENG"]
[Date "2017.01.26"]
[Round "3.10"]
[White "Iturrizaga Bonelli, Eduardo"]
[Black "Kollars, Dmitrij"]
[Result "1-0"]
[WhiteElo "2652"]
[BlackElo "2500"]
[PlyCount "105"]
[EventDate "2017.01.24"]
[EventType "swiss"]
[EventRounds "10"]
[EventCountry "ENG"]
[SourceTitle "Ajedrez en Madrid"]
[Source "lmi"]
[SourceDate "2017.01.24"]

1. Nf3 Nf6 2. g3 g6 3. b3 Bg7 4. Bb2 O-O 5. Bg2 d6 6. d4 c5 7. c4 Qa5+ 8. Nc3
Nc6 9. O-O cxd4 10. Nxd4 Bd7 11. e4 Rfc8 12. Re1 Qh5 13. Nxc6 bxc6 14. Na4 Bg4
15. f3 Be6 16. e5 Nd7 17. exd6 Bxb2 18. Nxb2 Qc5+ 19. Kf1 exd6 20. Nd3 Qa3 21.
Nf4 Nf8 22. Qd2 Re8 23. Re2 Bd7 24. Rd1 Rxe2 25. Nxe2 Be6 26. Nc3 d5 27. cxd5
Bxd5 28. Nxd5 cxd5 29. f4 Rd8 30. Bxd5 Rd7 31. Qc2 Qa5 32. Bf3 Re7 33. Kg2 Rc7
34. Qe2 Qf5 35. Rd5 Qc8 36. Rd2 Rc1 37. Rd1 Rc2 38. Rd2 Rc1 39. Qe3 a5 40. Bd5
Qf5 41. a4 Rc2 42. Bc4 Nd7 43. Rxc2 Qxc2+ 44. Qe2 Qf5 45. Qd3 Qxd3 46. Bxd3 Kf8
47. Kf3 Ke7 48. Ke3 Kd6 49. Kd4 Nb6 50. Bc4 f6 51. Bg8 h6 52. Bf7 g5 53. Ke4
1-0

[Event "Gibraltar Chess Festival 2017 - Masters"]
[Site "Gibraltar ENG"]
[Date "2017.01.26"]
[Round "3.11"]
[White "Muzychuk, Anna"]
[Black "Hou, Yifan"]
[Result "1/2-1/2"]
[WhiteElo "2558"]
[BlackElo "2651"]
[PlyCount "64"]
[EventDate "2017.01.24"]
[EventType "swiss"]
[EventRounds "10"]
[EventCountry "ENG"]
[SourceTitle "Ajedrez en Madrid"]
[Source "lmi"]
[SourceDate "2017.01.24"]

1. e4 e5 2. Nf3 Nc6 3. Nc3 Nf6 4. d4 exd4 5. Nxd4 Bb4 6. Nxc6 bxc6 7. Bd3 O-O
8. O-O d5 9. exd5 cxd5 10. h3 c6 11. Qf3 Re8 12. Bg5 h6 13. Bxf6 Qxf6 14. Qxf6
gxf6 15. Ne2 Rb8 16. Nd4 Bd7 17. Nf5 Bxf5 18. Bxf5 Bc5 19. b3 Re2 20. Bd3 Re5
21. c3 Kf8 22. g3 a5 23. Kg2 Ba3 24. Rab1 c5 25. Rfe1 Rbe8 26. Kf1 Rxe1+ 27.
Rxe1 Bb2 28. Rxe8+ Kxe8 29. c4 dxc4 30. Bxc4 Ke7 31. Ke2 Bd4 32. f4 f5 1/2-1/2

[Event "Gibraltar Chess Festival 2017 - Masters"]
[Site "Gibraltar ENG"]
[Date "2017.01.26"]
[Round "3.12"]
[White "Piorun, Kacper"]
[Black "Bellahcene, Bilel"]
[Result "1-0"]
[WhiteElo "2651"]
[BlackElo "2493"]
[PlyCount "77"]
[EventDate "2017.01.24"]
[EventType "swiss"]
[EventRounds "10"]
[EventCountry "ENG"]
[SourceTitle "Ajedrez en Madrid"]
[Source "lmi"]
[SourceDate "2017.01.24"]

1. Nf3 d5 2. d4 Nf6 3. c4 e6 4. Nc3 Be7 5. Bf4 O-O 6. a3 b6 7. cxd5 Nxd5 8.
Nxd5 exd5 9. g3 Bd6 10. Bxd6 Qxd6 11. Bg2 Bf5 12. O-O Nd7 13. Qd2 Rfe8 14. Rfc1
Rac8 15. b4 c5 16. dxc5 bxc5 17. bxc5 Rxc5 18. Nd4 Be4 19. Rxc5 Nxc5 20. Rc1
Bxg2 21. Kxg2 Ne6 22. Qe3 Qd7 23. Nxe6 fxe6 24. Rc5 Qf7 25. Qe5 h6 26. a4 Re7
27. a5 Kh7 28. h4 Qf8 29. h5 g6 30. Rc6 Qf7 31. Rc8 Qg7 32. hxg6+ Kxg6 33. Qf4
h5 34. a6 Rf7 35. Qe3 Qf6 36. Re8 Re7 37. Rb8 e5 38. Rb7 Qf7 39. Qxa7 1-0

[Event "Gibraltar Chess Festival 2017 - Masters"]
[Site "Gibraltar ENG"]
[Date "2017.01.26"]
[Round "3.13"]
[White "Mastrovasilis, Athanasios"]
[Black "Anton Guijarro, David"]
[Result "1/2-1/2"]
[WhiteElo "2551"]
[BlackElo "2650"]
[PlyCount "87"]
[EventDate "2017.01.24"]
[EventType "swiss"]
[EventRounds "10"]
[EventCountry "ENG"]
[SourceTitle "Ajedrez en Madrid"]
[Source "lmi"]
[SourceDate "2017.01.24"]

1. Nf3 f5 2. g3 g6 3. Bg2 Bg7 4. d4 Nf6 5. O-O O-O 6. b3 d6 7. Bb2 c6 8. Nbd2
a5 9. c4 Na6 10. Qc2 Bd7 11. a3 Nc7 12. Ne1 Qe8 13. Nd3 g5 14. e4 fxe4 15. Nxe4
Bf5 16. Rae1 Qg6 17. Qe2 a4 18. b4 b5 19. c5 Ncd5 20. Nxf6+ Rxf6 21. Be4 Raf8
22. Bxf5 Qxf5 23. f4 h6 24. fxg5 Qxg5 25. Rxf6 Qxf6 26. Kg2 Kh8 27. Qe4 h5 28.
h4 Rf7 29. Qe2 Qg6 30. Qe4 Kh7 31. Bc1 Qxe4+ 32. Rxe4 Kg6 33. Bg5 Kf5 34. Kf3
Kg6+ 35. Kg2 Kf5 36. Kf3 Bf6 37. Bd2 Rg7 38. Bf4 Nxf4 39. Rxf4+ Ke6 40. Re4+
Kd7 41. Rf4 Ke6 42. Re4+ Kd7 43. Rf4 Ke6 44. Re4+ 1/2-1/2

[Event "Gibraltar Chess Festival 2017 - Masters"]
[Site "Gibraltar ENG"]
[Date "2017.01.26"]
[Round "3.14"]
[White "Liang, Awonder"]
[Black "Sethuraman, S.P."]
[Result "1/2-1/2"]
[WhiteElo "2496"]
[BlackElo "2637"]
[PlyCount "125"]
[EventDate "2017.01.24"]
[EventType "swiss"]
[EventRounds "10"]
[EventCountry "ENG"]
[SourceTitle "Ajedrez en Madrid"]
[Source "lmi"]
[SourceDate "2017.01.24"]

1. e4 g6 2. d4 Bg7 3. Nf3 d6 4. c3 Nf6 5. Bd3 O-O 6. O-O c5 7. h3 Na6 8. Re1
cxd4 9. cxd4 Nb4 10. Bf1 d5 11. e5 Ne4 12. Nc3 Nxc3 13. bxc3 Nc6 14. Bd3 b6 15.
Bg5 Be6 16. Qa4 Rc8 17. Bb5 Qc7 18. Rac1 h6 19. Bh4 Na5 20. Qb4 g5 21. Bg3 Nc4
22. Ba4 a6 23. Bc2 b5 24. Bd3 Qd7 25. Qb1 Rc6 26. h4 g4 27. Nh2 Rfc8 28. f4 Nd2
29. Qb2 Ne4 30. Bxe4 dxe4 31. Nf1 f5 32. exf6 Bxf6 33. Kh2 a5 34. a3 Qd5 35.
Ne3 Qb3 36. Qe2 Bxd4 37. f5 Bf7 38. Qxg4+ Kf8 39. Qxe4 Bxc3 40. Re2 Qxa3 41.
Rec2 Qb4 42. Qf3 Rc5 43. Bf4 Bg7 44. f6 Bxf6 45. Bxh6+ Kg8 46. Ng4 Bg7 47. Qg3
Bg6 48. Rxc5 Rxc5 49. Bd2 Rxc1 50. Bxb4 axb4 51. Qb8+ Kh7 52. Qxb5 Re1 53. h5
Bc2 54. h6 Bc3 55. Qc4 Bg6 56. Kg3 Re4 57. Qd5 Rd4 58. Qe6 Re4 59. Qd5 Rd4 60.
Qe6 Re4 61. Qd5 Rd4 62. Qe6 Re4 63. Qd5 1/2-1/2

[Event "Gibraltar Chess Festival 2017 - Masters"]
[Site "Gibraltar ENG"]
[Date "2017.01.26"]
[Round "3.15"]
[White "Akobian, Varuzhan"]
[Black "Batsiashvili, Nino"]
[Result "1/2-1/2"]
[WhiteElo "2633"]
[BlackElo "2492"]
[PlyCount "71"]
[EventDate "2017.01.24"]
[EventType "swiss"]
[EventRounds "10"]
[EventCountry "ENG"]
[SourceTitle "Ajedrez en Madrid"]
[Source "lmi"]
[SourceDate "2017.01.24"]

1. d4 d5 2. c4 dxc4 3. Nf3 Nf6 4. e3 e6 5. Bxc4 c5 6. O-O a6 7. Qe2 Nc6 8. Rd1
cxd4 9. exd4 Be7 10. Nc3 O-O 11. d5 exd5 12. Nxd5 Nxd5 13. Bxd5 Qc7 14. Qe4 Bf6
15. Bg5 Bxg5 16. Nxg5 g6 17. Rac1 Bf5 18. Qh4 h5 19. h3 Rad8 20. Qc4 Qe7 21.
Bxc6 Rxd1+ 22. Rxd1 bxc6 23. h4 Qb7 24. b3 Qb5 25. Rc1 Qxc4 26. Rxc4 Rc8 27.
Ra4 Bd3 28. Rd4 Bb1 29. Ra4 Bd3 30. Nf3 c5 31. Ra5 c4 32. Ne5 cxb3 33. Nxd3 Rc3
34. axb3 Rxd3 35. Rxa6 Rxb3 36. g3 1/2-1/2

[Event "Gibraltar Chess Festival 2017 - Masters"]
[Site "Gibraltar ENG"]
[Date "2017.01.26"]
[Round "3.17"]
[White "Dragnev, Valentin"]
[Black "Lagarde, Maxime"]
[Result "0-1"]
[WhiteElo "2492"]
[BlackElo "2594"]
[PlyCount "62"]
[EventDate "2017.01.24"]
[EventType "swiss"]
[EventRounds "10"]
[EventCountry "ENG"]
[SourceTitle "Ajedrez en Madrid"]
[Source "lmi"]
[SourceDate "2017.01.24"]

1. e4 c5 2. Nf3 Nc6 3. Bb5 e6 4. Bxc6 bxc6 5. b3 Ne7 6. Bb2 f6 7. e5 Ng6 8. h4
h5 9. d4 d5 10. O-O fxe5 11. dxe5 Nxh4 12. Nc3 Nf5 13. Re1 g5 14. Ba3 g4 15.
Nd2 Qh4 16. Nf1 Ba6 17. Ne2 Bxe2 18. Qxe2 a5 19. c4 Rg8 20. Bb2 Qe7 21. cxd5
cxd5 22. Ng3 Qh7 23. Rad1 h4 24. Nxf5 Qxf5 25. Ba3 h3 26. Bxc5 Bxc5 27. Qb5+
Kf7 28. Qxc5 hxg2 29. Re3 Rh8 30. Kxg2 Rh2+ 31. Kxh2 Qxf2+ 0-1

[Event "Gibraltar Chess Festival 2017 - Masters"]
[Site "Gibraltar ENG"]
[Date "2017.01.26"]
[Round "3.18"]
[White "Kobo, Ori"]
[Black "Ju, Wenjun"]
[Result "0-1"]
[WhiteElo "2482"]
[BlackElo "2583"]
[PlyCount "44"]
[EventDate "2017.01.24"]
[EventType "swiss"]
[EventRounds "10"]
[EventCountry "ENG"]
[SourceTitle "Ajedrez en Madrid"]
[Source "lmi"]
[SourceDate "2017.01.24"]

1. d4 Nf6 2. c4 e6 3. Nc3 Bb4 4. f3 d5 5. a3 Bxc3+ 6. bxc3 c5 7. cxd5 Nxd5 8.
dxc5 f5 9. Nh3 Qa5 10. Bd2 Qxc5 11. c4 Ne3 12. Qc1 Nxf1 13. Kxf1 Nc6 14. Nf4
O-O 15. Rb1 Rd8 16. Nd3 Qd6 17. c5 Qc7 18. Bc3 e5 19. Qe3 f4 20. Qe4 Qf7 21.
Nxe5 Nxe5 22. Qxe5 Rd5 0-1

[Event "Gibraltar Chess Festival 2017 - Masters"]
[Site "Gibraltar ENG"]
[Date "2017.01.26"]
[Round "3.19"]
[White "Caruana, Fabiano"]
[Black "Batchimeg, Tuvshintugs"]
[Result "1-0"]
[WhiteElo "2827"]
[BlackElo "2390"]
[PlyCount "79"]
[EventDate "2017.01.24"]
[EventType "swiss"]
[EventRounds "10"]
[EventCountry "ENG"]
[SourceTitle "Ajedrez en Madrid"]
[Source "lmi"]
[SourceDate "2017.01.24"]

1. Nf3 d5 2. d4 Nf6 3. c4 dxc4 4. e3 a6 5. Bxc4 e6 6. O-O b5 7. Bd3 Bb7 8. a4
bxa4 9. Rxa4 c5 10. Nc3 cxd4 11. exd4 Be7 12. Qe2 O-O 13. Bg5 Bc6 14. Raa1 Nd5
15. Qe4 g6 16. Qh4 Bxg5 17. Nxg5 h5 18. Qg3 Qf6 19. Rac1 Ra7 20. Rfd1 Kg7 21.
Be4 Rb7 22. Bxd5 exd5 23. Rd2 Re8 24. h4 Nd7 25. Ne2 Nf8 26. Nf4 Kh8 27. Rdc2
Ba4 28. Rc7 Rxc7 29. Rxc7 Bd7 30. Nf3 Be6 31. Ne5 Re7 32. Rc6 Qf5 33. Rxa6 Rb7
34. b3 Kg7 35. Rd6 Rc7 36. Kh2 Rb7 37. Rc6 Re7 38. b4 Rb7 39. Nfd3 Qe4 40. Nc5
1-0

[Event "Gibraltar Chess Festival 2017 - Masters"]
[Site "Gibraltar ENG"]
[Date "2017.01.26"]
[Round "3.20"]
[White "Salomon, Johan"]
[Black "Vachier-Lagrave, Maxime"]
[Result "0-1"]
[WhiteElo "2470"]
[BlackElo "2796"]
[PlyCount "58"]
[EventDate "2017.01.24"]
[EventType "swiss"]
[EventRounds "10"]
[EventCountry "ENG"]
[SourceTitle "Ajedrez en Madrid"]
[Source "lmi"]
[SourceDate "2017.01.24"]

1. e4 c5 2. Nf3 d6 3. Bb5+ Nd7 4. c3 Ngf6 5. Qe2 a6 6. Ba4 e6 7. Bc2 b5 8. d4
Bb7 9. a4 cxd4 10. cxd4 Be7 11. O-O O-O 12. b3 Rc8 13. Bb2 Rxc2 14. Qxc2 Bxe4
15. Qe2 Bc6 16. Rc1 Qa8 17. axb5 Bxb5 18. Qd1 Rb8 19. Na3 Bc6 20. Nc4 Nd5 21.
Ba3 Nf4 22. Ra2 Bd5 23. Rc3 Nf6 24. Ncd2 g5 25. Nxg5 Bxb3 26. Qf3 Qxf3 27. Rxf3
Bxa2 28. Rxf4 Nh5 29. Rg4 f5 0-1

[Event "Gibraltar Chess Festival 2017 - Masters"]
[Site "Gibraltar ENG"]
[Date "2017.01.26"]
[Round "3.21"]
[White "Steinberg, Nitzan"]
[Black "Svidler, Peter"]
[Result "1/2-1/2"]
[WhiteElo "2486"]
[BlackElo "2748"]
[PlyCount "88"]
[EventDate "2017.01.24"]
[EventType "swiss"]
[EventRounds "10"]
[EventCountry "ENG"]
[SourceTitle "Ajedrez en Madrid"]
[Source "lmi"]
[SourceDate "2017.01.24"]

1. e4 c5 2. Nf3 Nc6 3. d4 cxd4 4. Nxd4 e6 5. Nc3 a6 6. Be3 Nf6 7. Be2 d6 8. O-O
Bd7 9. f4 Be7 10. Nb3 b5 11. a3 O-O 12. g4 Bc8 13. g5 Nd7 14. Rf3 Bb7 15. Rg3
Re8 16. Bf1 Bf8 17. Qg4 g6 18. Rd1 Rc8 19. Rh3 f6 20. Qh4 Qe7 21. f5 exf5 22.
Nd5 Qf7 23. exf5 Nce5 24. Bg2 Rxc2 25. Be4 Rc4 26. Nd4 fxg5 27. Bxg5 gxf5 28.
Bxf5 Ng6 29. Bxg6 Qxg6 30. Rg3 Bxd5 31. b3 Rc3 32. Rxc3 Re4 33. Rg3 Kh8 34. Qh3
Bg7 35. Qxd7 Rxd4 36. Qd8+ Bg8 37. Rf1 Rd3 38. Rg2 Bd4+ 39. Kh1 Rf3 40. Rd1 Qf7
41. Rdg1 Bxg1 42. Bf6+ Rxf6 43. Rxg8+ Qxg8 44. Qxf6+ Qg7 1/2-1/2

[Event "Gibraltar Chess Festival 2017 - Masters"]
[Site "Gibraltar ENG"]
[Date "2017.01.26"]
[Round "3.22"]
[White "Topalov, Veselin"]
[Black "Krysa, Leandro"]
[Result "1/2-1/2"]
[WhiteElo "2739"]
[BlackElo "2491"]
[PlyCount "73"]
[EventDate "2017.01.24"]
[EventType "swiss"]
[EventRounds "10"]
[EventCountry "ENG"]
[SourceTitle "Ajedrez en Madrid"]
[Source "lmi"]
[SourceDate "2017.01.24"]

1. d4 Nf6 2. c4 g6 3. f3 c5 4. d5 d6 5. e4 Bg7 6. Ne2 e6 7. Nbc3 exd5 8. cxd5
O-O 9. Ng3 a6 10. Be2 b5 11. O-O Nbd7 12. Bg5 h6 13. Be3 h5 14. Qd2 Nh7 15. a3
c4 16. f4 h4 17. Nh1 f5 18. Nf2 fxe4 19. Ncxe4 Ndf6 20. Ng5 Re8 21. Bf3 Bf5 22.
Ne6 Bxe6 23. dxe6 d5 24. Rad1 Rxe6 25. Bd4 Ne4 26. Qc2 Bxd4 27. Rxd4 Nhf6 28.
Nxe4 Nxe4 29. Rfd1 Qb6 30. g3 Rae8 31. Kg2 Kg7 32. gxh4 Qc7 33. Bxe4 Rxe4 34.
Qc3 Kh7 35. Rxe4 Rxe4 36. Rxd5 Qc6 37. Qd2 1/2-1/2

[Event "Gibraltar Chess Festival 2017 - Masters"]
[Site "Gibraltar ENG"]
[Date "2017.01.26"]
[Round "3.23"]
[White "Almagro Llamas, Pablo"]
[Black "Gelfand, Boris"]
[Result "0-1"]
[WhiteElo "2466"]
[BlackElo "2721"]
[PlyCount "118"]
[EventDate "2017.01.24"]
[EventType "swiss"]
[EventRounds "10"]
[EventCountry "ENG"]
[SourceTitle "Ajedrez en Madrid"]
[Source "lmi"]
[SourceDate "2017.01.24"]

1. d4 Nf6 2. Nf3 d5 3. c4 e6 4. e3 Be7 5. Nc3 O-O 6. a3 b6 7. b4 c5 8. bxc5
bxc5 9. dxc5 Bb7 10. Rb1 Qc8 11. Qb3 Bc6 12. cxd5 Nxd5 13. Nd4 Nxc3 14. Qxc3
Nd7 15. Bb2 Be4 16. Rc1 e5 17. Nf3 Qc6 18. Be2 Rab8 19. O-O f6 20. a4 Nxc5 21.
Ba3 Rfc8 22. Bb5 Qb7 23. Qc4+ Kh8 24. Qe2 Rc7 25. Bxc5 Rxc5 26. Rxc5 Bxc5 27.
Rc1 Bf8 28. Ne1 Rd8 29. h4 Ba3 30. Rd1 Qe7 31. Rxd8+ Qxd8 32. Qc4 Bd5 33. Qd3
Be7 34. Qc2 g6 35. h5 Kg7 36. Nf3 Bf7 37. hxg6 hxg6 38. Nd2 f5 39. e4 Qd4 40.
Nf3 Qxe4 41. Qxe4 fxe4 42. Nxe5 Bb3 43. Be8 g5 44. Ng4 Be6 45. Ne3 Kf6 46. Bc6
Ke5 47. a5 Bc8 48. Nc4+ Kd4 49. Nd2 e3 50. fxe3+ Kxe3 51. Nc4+ Kd4 52. Nb6 axb6
53. axb6 Bd6 54. b7 Bf5 55. Bf3 Bg3 56. Be2 Ke3 57. Bc4 Be4 58. Ba6 Bb8 59. Bb5
Kf4 0-1

[Event "Gibraltar Chess Festival 2017 - Masters"]
[Site "Gibraltar ENG"]
[Date "2017.01.26"]
[Round "3.24"]
[White "Kantans, Toms"]
[Black "Matlakov, Maxim"]
[Result "0-1"]
[WhiteElo "2456"]
[BlackElo "2701"]
[PlyCount "80"]
[EventDate "2017.01.24"]
[EventType "swiss"]
[EventRounds "10"]
[EventCountry "ENG"]
[SourceTitle "Ajedrez en Madrid"]
[Source "lmi"]
[SourceDate "2017.01.24"]

1. e4 c5 2. Nf3 Nc6 3. d4 cxd4 4. Nxd4 Nf6 5. Nc3 e5 6. Ndb5 d6 7. Bg5 a6 8.
Na3 b5 9. Bxf6 gxf6 10. Nd5 f5 11. g3 fxe4 12. Bg2 Bg7 13. Bxe4 Be6 14. O-O O-O
15. c3 Rb8 16. Nc2 f5 17. Bg2 a5 18. Qe2 Kh8 19. Rfd1 Qd7 20. Rd2 e4 21. Nce3
Ne5 22. Nf4 Bh6 23. Nxe6 Qxe6 24. Rd4 b4 25. cxb4 Rxb4 26. Rxb4 axb4 27. a4
bxa3 28. Rxa3 Nd3 29. Ra5 f4 30. gxf4 Nxf4 31. Qg4 Qe8 32. Qd1 Nd3 33. Qh5 Bxe3
34. fxe3 Qc6 35. Ra1 Qc2 36. Qh6 Qf2+ 37. Kh1 Rg8 38. Qh3 Ne1 39. Ra7 Qxg2+ 40.
Qxg2 Nxg2 0-1

[Event "Gibraltar Chess Festival 2017 - Masters"]
[Site "Gibraltar ENG"]
[Date "2017.01.26"]
[Round "3.25"]
[White "Cramling, Pia"]
[Black "Kovalenko, Igor"]
[Result "1/2-1/2"]
[WhiteElo "2454"]
[BlackElo "2684"]
[PlyCount "104"]
[EventDate "2017.01.24"]
[EventType "swiss"]
[EventRounds "10"]
[EventCountry "ENG"]
[SourceTitle "Ajedrez en Madrid"]
[Source "lmi"]
[SourceDate "2017.01.24"]

1. d4 e6 2. c4 b6 3. e4 Bb7 4. Bd3 Bb4+ 5. Bd2 Qe7 6. Ne2 f5 7. Bxb4 Qxb4+ 8.
Qd2 Qxd2+ 9. Nxd2 fxe4 10. Bxe4 Nc6 11. f4 O-O-O 12. a3 Nf6 13. Bf3 Ne7 14. b4
Nf5 15. O-O Rhg8 16. Bxb7+ Kxb7 17. Nf3 Ne4 18. Ra2 Rdf8 19. a4 Ne3 20. Rc1 g5
21. fxg5 Rxf3 22. gxf3 Rxg5+ 23. Ng3 Nxg3 24. hxg3 Rxg3+ 25. Kh1 Nf5 26. Rd2
Rxf3 27. d5 Rf4 28. dxe6 dxe6 29. Rd7 Rh4+ 30. Kg1 Kc6 31. Rf7 Nd4 32. Kg2 Kd6
33. Rd1 h5 34. Rh7 Kc6 35. Re1 Rg4+ 36. Kh3 Rg5 37. Re3 a5 38. b5+ Kd6 39. Rd3
e5 40. Rg3 Rxg3+ 41. Kxg3 Ne2+ 42. Kf3 Nc3 43. Ke3 Nxa4 44. Kd3 Nc5+ 45. Kc2
Ne6 46. Rxh5 c6 47. bxc6 Nd4+ 48. Kc3 Nxc6 49. Rh6+ Kc5 50. Rh7 Nd4 51. Rc7+
Kd6 52. Rb7 Kc6 1/2-1/2

[Event "Gibraltar Chess Festival 2017 - Masters"]
[Site "Gibraltar ENG"]
[Date "2017.01.26"]
[Round "3.26"]
[White "Zatonskih, Anna"]
[Black "Short, Nigel D"]
[Result "0-1"]
[WhiteElo "2443"]
[BlackElo "2675"]
[PlyCount "82"]
[EventDate "2017.01.24"]
[EventType "swiss"]
[EventRounds "10"]
[EventCountry "ENG"]
[SourceTitle "Ajedrez en Madrid"]
[Source "lmi"]
[SourceDate "2017.01.24"]

1. d4 Nf6 2. c4 e6 3. Nc3 Bb4 4. Qc2 d5 5. a3 Bxc3+ 6. Qxc3 c5 7. dxc5 d4 8.
Qc2 e5 9. e3 Nc6 10. b4 O-O 11. e4 a5 12. Rb1 axb4 13. axb4 Nh5 14. Bd3 Nf4 15.
Bxf4 exf4 16. h3 Ra3 17. Nf3 Nxb4 18. Rxb4 Qa5 19. Qd2 Rxd3 20. Qxd3 Qxb4+ 21.
Nd2 Rd8 22. Ke2 Qxc5 23. Rb1 Qc7 24. Qb3 d3+ 25. Kf1 h6 26. Qb6 Qe7 27. Qb4 Qe6
28. c5 Qe7 29. f3 Be6 30. e5 Bd5 31. Re1 g5 32. Qa3 Bc6 33. Qb4 Rd5 34. e6 fxe6
35. h4 e5 36. Qe4 Kg7 37. h5 Qf7 38. Qc4 Qxh5 39. Qc3 Qe8 40. Nc4 Rxc5 41. Qb2
Kf6 0-1

[Event "Gibraltar Chess Festival 2017 - Masters"]
[Site "Gibraltar ENG"]
[Date "2017.01.26"]
[Round "3.27"]
[White "Sarkar, Justin"]
[Black "Fressinet, Laurent"]
[Result "0-1"]
[WhiteElo "2428"]
[BlackElo "2660"]
[PlyCount "102"]
[EventDate "2017.01.24"]
[EventType "swiss"]
[EventRounds "10"]
[EventCountry "ENG"]
[SourceTitle "Ajedrez en Madrid"]
[Source "lmi"]
[SourceDate "2017.01.24"]

1. d4 Nf6 2. c4 e6 3. Nf3 Bb4+ 4. Bd2 a5 5. a3 Bxd2+ 6. Qxd2 d6 7. Nc3 Nbd7 8.
Rd1 b6 9. e3 Bb7 10. Be2 Ne4 11. Nxe4 Bxe4 12. O-O O-O 13. Qc3 f5 14. Nd2 Bb7
15. Bf3 Bxf3 16. Nxf3 Nf6 17. Nd2 Qe8 18. Rfe1 Qg6 19. f3 Rae8 20. e4 Nh5 21.
e5 d5 22. Nf1 c6 23. c5 Rb8 24. Rd2 a4 25. cxb6 Rxb6 26. Qa5 Rfb8 27. Qxa4 Rxb2
28. Qxc6 h6 29. a4 Rxd2 30. Nxd2 Rb2 31. Qc3 Ra2 32. a5 Qg5 33. Rd1 Nf4 34.
Qc8+ Kh7 35. g3 Ne2+ 36. Kf2 Rxd2 37. f4 Nxg3+ 38. Rxd2 Qxf4+ 39. Kg2 Qxd2+ 40.
Kxg3 f4+ 41. Kf3 Qe3+ 42. Kg4 h5+ 43. Kxh5 Qh3+ 44. Kg5 Qf5+ 45. Kh4 f3 46. Qc1
f2 47. Qf1 Qf4+ 48. Kh3 Qf3+ 49. Kh4 Qe3 50. a6 Qe1 51. Qd3+ Kg8 0-1

[Event "Gibraltar Chess Festival 2017 - Masters"]
[Site "Gibraltar ENG"]
[Date "2017.01.26"]
[Round "3.28"]
[White "Ganguly, Surya Shekhar"]
[Black "Riff, Jean-Noel"]
[Result "1-0"]
[WhiteElo "2657"]
[BlackElo "2468"]
[PlyCount "61"]
[EventDate "2017.01.24"]
[EventType "swiss"]
[EventRounds "10"]
[EventCountry "ENG"]
[SourceTitle "Ajedrez en Madrid"]
[Source "lmi"]
[SourceDate "2017.01.24"]

1. e4 c5 2. Nf3 d6 3. d4 cxd4 4. Nxd4 Nf6 5. Nc3 a6 6. g3 e5 7. Nb3 Be7 8. Bg2
Bg4 9. Qd3 O-O 10. O-O Qc7 11. a4 Nbd7 12. h3 Be6 13. Nd5 Bxd5 14. exd5 Rfc8
15. c3 b6 16. Be3 Nc5 17. Nxc5 bxc5 18. b4 Nd7 19. a5 h6 20. h4 Rcb8 21. Rfb1
Rb5 22. Qc4 Rc8 23. bxc5 Rxb1+ 24. Rxb1 Nxc5 25. Rb6 Qd8 26. Bxc5 Rxc5 27. Qxa6
g5 28. Qa7 Kg7 29. Rb8 Rc7 30. Qa8 Qd7 31. Rh8 1-0

[Event "Gibraltar Chess Festival 2017 - Masters"]
[Site "Gibraltar ENG"]
[Date "2017.01.26"]
[Round "3.29"]
[White "Shvayger, Yuliya"]
[Black "Edouard, Romain"]
[Result "1/2-1/2"]
[WhiteElo "2413"]
[BlackElo "2613"]
[PlyCount "94"]
[EventDate "2017.01.24"]
[EventType "swiss"]
[EventRounds "10"]
[EventCountry "ENG"]
[SourceTitle "Ajedrez en Madrid"]
[Source "lmi"]
[SourceDate "2017.01.24"]

1. e4 c5 2. Nf3 Nc6 3. Bb5 e6 4. O-O Nge7 5. Re1 Nd4 6. Nxd4 cxd4 7. c3 a6 8.
Bf1 Nc6 9. Na3 Bc5 10. b4 Ba7 11. Bb2 Qh4 12. Qf3 O-O 13. cxd4 Nxd4 14. Bxd4
Bxd4 15. Rad1 f5 16. e5 Qg4 17. Nc2 Qxf3 18. gxf3 Ba7 19. f4 d5 20. exd6 Rd8
21. Bc4 Rxd6 22. d4 Kf8 23. d5 exd5 24. Bxd5 Rg6+ 25. Bg2 Be6 26. a3 Re8 27.
Ne3 Bb8 28. Rd4 b5 29. Kh1 Bc4 30. Red1 Ba7 31. Rd8 Bxe3 32. Rxe8+ Kxe8 33.
fxe3 Re6 34. Re1 Kf7 35. Bf3 Bb3 36. Kg1 Rd6 37. Rc1 Bc4 38. Rd1 Rg6+ 39. Kf2
Ke7 40. Bb7 Rb6 41. Bf3 Rh6 42. Kg3 a5 43. e4 Ra6 44. e5 axb4 45. axb4 Ra3 46.
Kf2 Ra2+ 47. Kg3 Ra3 1/2-1/2

[Event "Gibraltar Chess Festival 2017 - Masters"]
[Site "Gibraltar ENG"]
[Date "2017.01.26"]
[Round "3.30"]
[White "Maze, Sebastien"]
[Black "Pustovoitova, Daria"]
[Result "1-0"]
[WhiteElo "2613"]
[BlackElo "2407"]
[PlyCount "65"]
[EventDate "2017.01.24"]
[EventType "swiss"]
[EventRounds "10"]
[EventCountry "ENG"]
[SourceTitle "Ajedrez en Madrid"]
[Source "lmi"]
[SourceDate "2017.01.24"]

1. e4 c5 2. Nf3 d6 3. d4 cxd4 4. Nxd4 Nf6 5. Nc3 a6 6. g3 e5 7. Nb3 Be7 8. Bg2
Be6 9. O-O O-O 10. a4 Qc7 11. Re1 Nbd7 12. Nd2 Rfc8 13. Nf1 Qc6 14. Ne3 b5 15.
Ncd5 Bxd5 16. exd5 Qc5 17. c3 b4 18. Bd2 bxc3 19. Bxc3 a5 20. Qd2 Bd8 21. Kh1
Qc7 22. f4 Nc5 23. fxe5 Nfe4 24. Qc2 Nxc3 25. Qxc3 Qa7 26. Rac1 Qa6 27. Bf1 Qb7
28. Qa3 Ne4 29. Bg2 Nc5 30. Nf5 Nb3 31. Rxc8 Qxc8 32. exd6 h6 33. Ne7+ 1-0